Bonsai and other stories / (Record no. 131439)
[ view plain ]
| 000 -LEADER | |
|---|---|
| fixed length control field | 00659nam a22002297a 4500 |
| 005 - DATE AND TIME OF LATEST TRANSACTION | |
| control field | 20170124110128.0 |
| 010 ## - LIBRARY OF CONGRESS CONTROL NUMBER | |
| LC control number | B-023987 |
| 020 ## - INTERNATIONAL STANDARD BOOK NUMBER | |
| Terms of availability | 00.00 |
| 035 ## - SYSTEM CONTROL NUMBER | |
| System control number | B-023987 |
| 037 ## - SOURCE OF ACQUISITION | |
| Source of stock number/acquisition | Cen Lib/Ret |
| 040 ## - CATALOGING SOURCE | |
| Original cataloging agency | DPL |
| Language of cataloging | EN |
| 082 ## - DEWEY DECIMAL CLASSIFICATION NUMBER | |
| Classification number | S |
| Item number | PAN |
| 100 ## - MAIN ENTRY--PERSONAL NAME | |
| Personal name | Panda, Hrusikesh |
| 9 (RLIN) | 31762 |
| 245 ## - TITLE STATEMENT | |
| Title | Bonsai and other stories / |
| Statement of responsibility, etc | by Hrusikesh Panda; translated by Lipipuspa Nayak |
| 260 ## - PUBLICATION, DISTRIBUTION, ETC. (IMPRINT) | |
| Name of publisher, distributor, etc | Writers Workshop Publication |
| Place of publication, distribution, etc | Calcutta |
| Date of publication, distribution, etc | 1999 |
| 270 ## - ADDRESS | |
| City | Calcutta |
| Address | 162/92 Lake Gardens |
| Postal code | 700045 |
| 300 ## - PHYSICAL DESCRIPTION | |
| Extent | 64p. |
| Dimensions | 22cm(Hb) |
| 650 ## - SUBJECT ADDED ENTRY--TOPICAL TERM | |
| Topical term or geographic name as entry element | Short stories |
| 9 (RLIN) | 44 |
| 650 ## - SUBJECT ADDED ENTRY--TOPICAL TERM | |
| Topical term or geographic name as entry element | Indic Fiction |
| 9 (RLIN) | 31763 |
| 700 ## - ADDED ENTRY--PERSONAL NAME | |
| Personal name | Nayak, Lipipuspa |
| 9 (RLIN) | 31764 |
| 942 ## - ADDED ENTRY ELEMENTS (KOHA) | |
| Source of classification or shelving scheme | Dewey Decimal Classification |
| Koha item type | English Books |
| Classification part | S |
| Call number suffix | PAN |
| Withdrawn status | Lost status | Damaged status | Not for loan | Home library | Current library | Date acquired | Source of acquisition | Cost, normal purchase price | Total Checkouts | Full call number | Barcode | Date last seen | Copy number | Cost, replacement price | Price effective from | Koha item type |
|---|---|---|---|---|---|---|---|---|---|---|---|---|---|---|---|---|
| Central Library | Central Library | 14/07/2015 | Cen Lib/Ret | 0.00 | S PAN | B-023987 | 14/07/2015 | 1 | 0.00 | 14/07/2015 | English Books |
